[Event "4NCL/Div4/ATH1 vs. OXF2"]
[Site "West Bromwich ENG"]
[Date "2006.05.27"]
[Round "9.3"]
[White "Quinn, John M"]
[Black "Starkie, Ray"]
[Result "1/2-1/2"]
[WhiteElo "2080"]
[BlackElo "2165"]
[PlyCount "80"]
[EventDate "2006.05.27"]
[EventType "team"]
[EventRounds "11"]
[EventCountry "ENG"]
[SourceDate "2006.04.29"]
[WhiteTeam "Athenaeum 1"]
[BlackTeam "Oxford 2"]

1. d4 Nf6 2. c4 g6 3. Nc3 Bg7 4. Nf3 O-O 5. e4 d6 6. h3 e5 7. d5 Na6 8. Bg5 h6
9. Be3 Nc5 10. Nd2 a5 11. Be2 Ne8 12. g4 f5 13. gxf5 gxf5 14. Qc2 Qh4 15. Nf3
Qe7 16. O-O-O fxe4 17. Nxe4 Bf5 18. Bxc5 dxc5 19. Bd3 Bxe4 20. Bxe4 Nd6 21.
Rde1 Rf4 22. Qd3 Raf8 23. Nd2 Rxf2 24. Rhg1 Kh8 25. Rg4 R2f4 26. Reg1 Rxg4 27.
Rxg4 Rf4 28. Qf3 Rxg4 29. Qxg4 Qf7 30. Qg6 Qxg6 31. Bxg6 Bf6 32. Kc2 Kg7 33.
Bd3 Bg5 34. Ne4 b6 35. Nxd6 cxd6 36. b3 Kf6 37. Kd1 Bf4 38. Ke2 Kg5 39. Kf3 Bd2
40. Bh7 Kh4 1/2-1/2

[Event "4NCL/Div4/ATH1 vs. OXF2"]
[Site "West Bromwich ENG"]
[Date "2006.05.27"]
[Round "9.4"]
[White "Scott, David A"]
[Black "McLaughlin, Noel"]
[Result "1/2-1/2"]
[WhiteElo "2125"]
[BlackElo "2030"]
[PlyCount "36"]
[EventDate "2006.05.27"]
[EventType "team"]
[EventRounds "11"]
[EventCountry "ENG"]
[SourceDate "2006.04.29"]
[WhiteTeam "Oxford 2"]
[BlackTeam "Athenaeum 1"]

1. d4 f5 2. Bg5 h6 3. Bh4 g5 4. Bg3 Nf6 5. e3 Bg7 6. Bd3 d6 7. c3 Nc6 8. Qc2 e6
9. f3 Nd5 10. Bf2 Qf6 11. Ne2 Bd7 12. Nd2 Rf8 13. Rf1 O-O-O 14. O-O-O Nb6 15.
e4 Qf7 16. Kb1 Kb8 17. Bg1 d5 18. e5 Na5 1/2-1/2

[Event "4NCL/Div4/ATH1 vs. OXF2"]
[Site "West Bromwich ENG"]
[Date "2006.05.27"]
[Round "9.5"]
[White "Kay, Jonathan"]
[Black "Ludbrook, Matt"]
[Result "0-1"]
[WhiteElo "1940"]
[BlackElo "2050"]
[PlyCount "94"]
[EventDate "2006.05.27"]
[EventType "team"]
[EventRounds "11"]
[EventCountry "ENG"]
[SourceDate "2006.04.29"]
[WhiteTeam "Athenaeum 1"]
[BlackTeam "Oxford 2"]

1. e4 e6 2. d4 d5 3. Nc3 Bb4 4. Bd3 c5 5. exd5 exd5 6. Nf3 c4 7. Be2 Ne7 8. O-O
O-O 9. Bg5 f6 10. Bf4 a6 11. Nb1 Nbc6 12. c3 Bd6 13. Bxd6 Qxd6 14. Nbd2 Ng6 15.
Ne1 f5 16. g3 f4 17. Bf3 Nce7 18. b3 cxb3 19. Qxb3 Be6 20. Nd3 b6 21. Rae1 Rad8
22. Bg2 Nf5 23. Ne5 fxg3 24. fxg3 Nxe5 25. Rxe5 Rf6 26. Bh3 Nxd4 27. Bxe6+ Nxe6
28. Rfe1 Nc5 29. Qc2 Rdf8 30. Rh5 g6 31. Rhe5 b5 32. R5e2 Qb6 33. Kg2 Qc6 34.
Kg1 R6f7 35. Qb1 Na4 36. Qd3 Nxc3 37. Re6 Qc5+ 38. Kh1 a5 39. Nb3 Qc4 40. Rxg6+
Kh8 41. Qe3 Rf1+ 42. Kg2 Rxe1 43. Qxe1 hxg6 44. Qe5+ Kg8 45. Qe6+ Kg7 46. Qe7+
Rf7 47. Qe5+ Kh7 0-1

[Event "4NCL/Div4/ATH1 vs. OXF2"]
[Site "West Bromwich ENG"]
[Date "2006.05.27"]
[Round "9.6"]
[White "Rawlinson, Christopher J"]
[Black "Draper, Adam"]
[Result "1-0"]
[WhiteElo "2055"]
[BlackElo "1845"]
[PlyCount "33"]
[EventDate "2006.05.27"]
[EventType "team"]
[EventRounds "11"]
[EventCountry "ENG"]
[SourceDate "2006.04.29"]
[WhiteTeam "Oxford 2"]
[BlackTeam "Athenaeum 1"]

1. e4 Nf6 2. e5 Nd5 3. c4 Nb6 4. d4 d6 5. exd6 cxd6 6. Nc3 g6 7. Nf3 Bg7 8. Be3
O-O 9. Be2 N8d7 10. c5 e5 11. cxb6 axb6 12. O-O Re8 13. Bg5 f6 14. Bh4 Kh8 15.
Nb5 Nf8 16. dxe5 g5 17. Nxd6 1-0

[Event "4NCL/Div4/MONM vs. CAV"]
[Site "West Bromwich ENG"]
[Date "2006.05.27"]
[Round "9.1"]
[White "Varley, Peter"]
[Black "Harman, Kenneth B"]
[Result "0-1"]
[WhiteElo "2172"]
[BlackElo "2160"]
[PlyCount "40"]
[EventDate "2006.05.27"]
[EventType "team"]
[EventRounds "11"]
[EventCountry "ENG"]
[SourceDate "2006.04.29"]
[WhiteTeam "Monmouth"]
[BlackTeam "Cavendish"]

1. d4 Nf6 2. c4 g6 3. Nc3 Bg7 4. e4 O-O 5. Be2 c5 6. dxc5 Qa5 7. Bd2 Qxc5 8.
Be3 Qa5 9. Qd2 Nc6 10. g4 d6 11. g5 Ng4 12. Bxg4 Bxg4 13. Rc1 Ne5 14. b3 Bf3
15. Bd4 Bxh1 16. Bxe5 Qxe5 17. f3 f5 18. Qd5+ e6 19. Qxe5 Bxe5 20. Ke2 Bxc3 0-1

[Event "4NCL/Div4/MONM vs. CAV"]
[Site "West Bromwich ENG"]
[Date "2006.05.27"]
[Round "9.2"]
[White "Farrand, Julian T"]
[Black "Beveridge, Nigel K"]
[Result "0-1"]
[WhiteElo "2140"]
[BlackElo "2050"]
[PlyCount "80"]
[EventDate "2006.05.27"]
[EventType "team"]
[EventRounds "11"]
[EventCountry "ENG"]
[SourceDate "2006.04.29"]
[WhiteTeam "Cavendish"]
[BlackTeam "Monmouth"]

1. d4 g6 2. e4 Bg7 3. Nc3 d6 4. Be3 a6 5. a4 b6 6. Bc4 e6 7. Nf3 Nd7 8. Qd2 h6
9. O-O Ne7 10. Ra3 Bb7 11. b4 Nf6 12. Bd3 Nc6 13. b5 Nb4 14. bxa6 Nxa6 15. Rb1
d5 16. exd5 Nxd5 17. Nxd5 Qxd5 18. Rb5 Qd6 19. Rbb3 Bd5 20. Bf4 Qe7 21. Rc3 g5
22. Be5 O-O 23. Bxg7 Kxg7 24. Ne5 Qb4 25. h4 Qxd4 26. Qe2 Nc5 27. Bc4 Ne4 28.
Rd3 Qxe5 29. Bxd5 exd5 30. f3 Rfe8 31. fxe4 dxe4 32. Rd1 Qc5+ 33. Re3 Rxa4 34.
Kh1 Qe5 35. g3 Ra1 36. hxg5 Rxd1+ 37. Qxd1 hxg5 38. Kg2 Kg6 39. Qd7 c5 40. Rb3
Re6 0-1

[Event "4NCL/Div4/MONM vs. CAV"]
[Site "West Bromwich ENG"]
[Date "2006.05.27"]
[Round "9.3"]
[White "Davis, Lee"]
[Black "Hamblin, David J"]
[Result "1/2-1/2"]
[WhiteElo "2025"]
[BlackElo "2025"]
[PlyCount "23"]
[EventDate "2006.05.27"]
[EventType "team"]
[EventRounds "11"]
[EventCountry "ENG"]
[SourceDate "2006.04.29"]
[WhiteTeam "Monmouth"]
[BlackTeam "Cavendish"]

1. d4 Nf6 2. g3 g6 3. Bg2 Bg7 4. Nf3 O-O 5. O-O d6 6. c4 c6 7. Nc3 Nbd7 8. e4
e5 9. h3 Re8 10. Re1 Rb8 11. Be3 a6 12. a4 1/2-1/2

[Event "4NCL/Div4/MONM vs. CAV"]
[Site "West Bromwich ENG"]
[Date "2006.05.27"]
[Round "9.4"]
[White "Crichton, Martin"]
[Black "Waterfield, John"]
[Result "1/2-1/2"]
[WhiteElo "2035"]
[BlackElo "2035"]
[PlyCount "54"]
[EventDate "2006.05.27"]
[EventType "team"]
[EventRounds "11"]
[EventCountry "ENG"]
[SourceDate "2006.04.29"]
[WhiteTeam "Cavendish"]
[BlackTeam "Monmouth"]

1. e4 c5 2. Nf3 d6 3. Bb5+ Bd7 4. a4 Nc6 5. O-O Nf6 6. Re1 e6 7. c3 a6 8. Bf1
Be7 9. d4 cxd4 10. cxd4 d5 11. e5 Ne4 12. Nc3 Nxc3 13. bxc3 b5 14. axb5 axb5
15. Rxa8 Qxa8 16. Bxb5 Nxe5 17. Nxe5 Bxb5 18. Qg4 O-O 19. Bh6 Bf6 20. Qg3 Kh8
21. Ng4 Be7 22. Qe5 f6 23. Qxe6 Re8 24. Bd2 Bf8 25. Qf7 Re2 26. Rxe2 Bxe2 27.
f3 Bd3 1/2-1/2

[Event "4NCL/Div4/MONM vs. CAV"]
[Site "West Bromwich ENG"]
[Date "2006.05.27"]
[Round "9.5"]
[White "Roberts, Dave"]
[Black "Egan, Michael PW"]
[Result "1-0"]
[WhiteElo "1863"]
[BlackElo "2080"]
[PlyCount "109"]
[EventDate "2006.05.27"]
[EventType "team"]
[EventRounds "11"]
[EventCountry "ENG"]
[SourceDate "2006.04.29"]
[WhiteTeam "Monmouth"]
[BlackTeam "Cavendish"]

1. d4 d5 2. c4 c6 3. Nf3 Nf6 4. Nc3 dxc4 5. a4 Bf5 6. Ne5 Nbd7 7. Nxc4 Nb6 8.
e3 e6 9. f3 Bb4 10. e4 Bg6 11. Be3 O-O 12. Qb3 a5 13. Be2 Nfd7 14. O-O Nxc4 15.
Bxc4 Nb6 16. Be2 Rc8 17. Rfd1 Nd7 18. Rac1 Qe7 19. Na2 c5 20. Nxb4 cxb4 21. Bb5
Rfd8 22. Bxd7 Qxd7 23. Rxc8 Rxc8 24. d5 exd5 25. Rxd5 Qc7 26. Qd1 h6 27. Rc5
Qb8 28. Rxa5 Rc4 29. Rc5 Rxc5 30. Bxc5 Qc7 31. Qd4 b6 32. Bxb4 Qc1+ 33. Kf2
Qc2+ 34. Kg3 Qxa4 35. Qxb6 Qb3 36. Qd8+ Kh7 37. Bc3 Qe6 38. Qd4 f6 39. Qd5 Qxd5
40. exd5 Be8 41. Kf4 Bd7 42. h4 g5+ 43. Ke4 Kg6 44. h5+ Kf7 45. g4 Ba4 46. b4
Ke7 47. Bd4 Bc2+ 48. Ke3 f5 49. Bg7 fxg4 50. fxg4 Bd1 51. Bxh6 Kf6 52. Bf8 Kf7
53. b5 Bxg4 54. b6 Bc8 55. Bh6 1-0

[Event "4NCL/Div4/MONM vs. CAV"]
[Site "West Bromwich ENG"]
[Date "2006.05.27"]
[Round "9.6"]
[White "Chapman, Timothy J"]
[Black "Lazarus, Sam"]
[Result "1-0"]
[WhiteElo "1855"]
[BlackElo "1745"]
[PlyCount "77"]
[EventDate "2006.05.27"]
[EventType "team"]
[EventRounds "11"]
[EventCountry "ENG"]
[SourceDate "2006.04.29"]
[WhiteTeam "Cavendish"]
[BlackTeam "Monmouth"]

1. e4 e6 2. d4 d5 3. e5 c5 4. c3 Nc6 5. Nf3 Qb6 6. a3 Bd7 7. b4 cxd4 8. cxd4 f6
9. exf6 Nxf6 10. Bd3 Bd6 11. O-O O-O 12. Re1 Rac8 13. Bb2 Kh8 14. Nbd2 Nd8 15.
Qe2 Be8 16. h3 Bh5 17. Qf1 Rc7 18. Ne5 Nd7 19. Ndf3 Bxe5 20. Nxe5 Nxe5 21. Rxe5
Bf7 22. Ree1 Nc6 23. Rac1 Rfc8 24. Rc5 a6 25. Rec1 Nb8 26. Qe2 Nd7 27. R5c2 Nf6
28. Qd2 Be8 29. Rc3 Bd7 30. Bb1 Rc4 31. Rxc4 Rxc4 32. Rxc4 dxc4 33. Qf4 Qc6 34.
Bc3 Qc8 35. Qh4 h6 36. Be4 Bc6 37. d5 exd5 38. Bxf6 dxe4 39. Qxh6+ 1-0

[Event "4NCL/Div4/GREN vs. SUFFP"]
[Site "West Bromwich ENG"]
[Date "2006.05.27"]
[Round "9.1"]
[White "Osborne, David C"]
[Black "Munson, Shaun D"]
[Result "0-1"]
[WhiteElo "2085"]
[BlackElo "2225"]
[PlyCount "76"]
[EventDate "2006.05.27"]
[EventType "team"]
[EventRounds "11"]
[EventCountry "ENG"]
[SourceDate "2006.04.29"]
[WhiteTeam "Grendels Mother"]
[BlackTeam "Suffolk Punches"]

1. e4 c5 2. Nc3 Nc6 3. g3 g6 4. Bg2 Bg7 5. d3 d6 6. Be3 Rb8 7. Qd2 b5 8. Nd1 b4
9. f4 Qb6 10. c3 f5 11. e5 dxe5 12. Qf2 exf4 13. gxf4 Bd7 14. Bxc5 Qa5 15. Ne2
bxc3 16. bxc3 Rb5 17. d4 Nf6 18. O-O Ng4 19. Qf3 Nd8 20. a4 Rb8 21. Re1 Bc6 22.
Qd3 Bxg2 23. Kxg2 Ne6 24. Qc4 Nxc5 25. dxc5 Qc7 26. Nd4 Bxd4 27. Qxd4 Qc6+ 28.
Kg3 Kf7 29. Ne3 Nf6 30. Nc4 Ne4+ 31. Kh3 Qf6 32. Ne5+ Kg7 33. Rad1 Rb3 34. Rd3
Rb2 35. Rf1 g5 36. fxg5 Nxg5+ 37. Kg3 Ne6 38. Qd5 Qg5+ 0-1

[Event "4NCL/Div4/GREN vs. SUFFP"]
[Site "West Bromwich ENG"]
[Date "2006.05.27"]
[Round "9.2"]
[White "Gregory, Stephen J"]
[Black "Bass, John W"]
[Result "1/2-1/2"]
[WhiteElo "2155"]
[BlackElo "2050"]
[PlyCount "121"]
[EventDate "2006.05.27"]
[EventType "team"]
[EventRounds "11"]
[EventCountry "ENG"]
[SourceDate "2006.04.29"]
[WhiteTeam "Suffolk Punches"]
[BlackTeam "Grendels Mother"]

1. e4 c5 2. Nf3 e6 3. d3 Nc6 4. g3 g6 5. Bg2 Bg7 6. O-O Nge7 7. Re1 d6 8. c3 e5
9. a3 O-O 10. b4 a6 11. Nbd2 b6 12. Rb1 Qc7 13. h3 Bb7 14. Qb3 cxb4 15. cxb4
Rac8 16. Bb2 b5 17. Rbc1 Qb8 18. Qa2 Rcd8 19. Nb3 Bh6 20. Rc2 Rc8 21. h4 Rc7
22. Rce2 Bc8 23. d4 exd4 24. Nfxd4 Ne5 25. Na5 Nd3 26. Rd1 Nxb2 27. Qxb2 Bg4
28. f3 Bd7 29. Kh2 Rfc8 30. Ndb3 Qb6 31. Qd4 Qxd4 32. Rxd4 Be6 33. Rxd6 Bxb3
34. Nxb3 Rc3 35. Nc5 Rxa3 36. Rxa6 Rxa6 37. Nxa6 Rc4 38. Bf1 Rc1 39. Kg2 Nc6
40. Ra2 Bf8 41. Rb2 Bg7 42. Rf2 Bd4 43. Ra2 Bc3 44. Nc7 Bxb4 45. Nxb5 Kg7 46.
Rb2 h5 47. f4 Bc5 48. e5 Nb4 49. Be2 Nd5 50. Rd2 Nc3 51. Nxc3 Rxc3 52. Rd7 Kf8
53. Bb5 Rc2+ 54. Kf3 Rc3+ 55. Ke4 Bf2 56. Bd3 Bxg3 57. Kd4 Rc1 58. Rb7 Bxf4 59.
e6 fxe6 60. Bxg6 Bg3 61. Bxh5 1/2-1/2

[Event "4NCL/Div4/GREN vs. SUFFP"]
[Site "West Bromwich ENG"]
[Date "2006.05.27"]
[Round "9.3"]
[White "Littlejohns, David P"]
[Black "Wallis, Ian"]
[Result "0-1"]
[WhiteElo "2085"]
[BlackElo "2100"]
[PlyCount "216"]
[EventDate "2006.05.27"]
[EventType "team"]
[EventRounds "11"]
[EventCountry "ENG"]
[SourceDate "2006.04.29"]
[WhiteTeam "Grendels Mother"]
[BlackTeam "Suffolk Punches"]

1. e4 e5 2. Nf3 Nc6 3. Bb5 a6 4. Ba4 Nf6 5. O-O Be7 6. d3 d6 7. Bxc6+ bxc6 8.
h3 O-O 9. Nc3 Nd7 10. d4 Bf6 11. Be3 Re8 12. dxe5 Nxe5 13. Nxe5 Bxe5 14. Bd4
Qf6 15. Bxe5 Qxe5 16. Qd2 Be6 17. Rad1 f5 18. exf5 Qxf5 19. Rfe1 Qg6 20. Re3
Bf5 21. Rg3 Qf7 22. Rf3 Qd7 23. Ne2 Re7 24. Ng3 Bg6 25. Ra3 Re5 26. Qf4 Qe6 27.
Rc3 c5 28. Qc4 Qxc4 29. Rxc4 Rae8 30. Kf1 R8e7 31. f3 Kf8 32. Rc3 Ke8 33. Kf2
Kd7 34. Rd2 Kc6 35. Ra3 Kb6 36. Rb3+ Kc6 37. Ra3 Kb6 38. Rb3+ Ka7 39. Rc3 Kb7
40. f4 Re1 41. Rb3+ Ka7 42. Rc3 Rb1 43. b3 Kb6 44. f5 Be8 45. Re2 Rxe2+ 46.
Nxe2 d5 47. Re3 Bc6 48. Nf4 d4 49. Re2 Bb5 50. Rd2 Rf1+ 51. Kg3 Bd7 52. c3 dxc3
53. Nd5+ Kc6 54. Nxc3 Rxf5 55. Re2 Rf7 56. Re4 Kb7 57. Re5 Bc6 58. Rxc5 Rd7 59.
a4 Rd2 60. b4 Rxg2+ 61. Kf4 Rf2+ 62. Kg3 Rf3+ 63. Kg4 Rd3 64. b5 axb5 65. axb5
Bd7+ 66. Kf4 Rxh3 67. Nd5 c6 68. bxc6+ Bxc6 69. Ne7 Rf3+ 70. Kg4 Rf6 71. Kg5
Re6 72. Nf5 Rg6+ 73. Kh4 Kc7 74. Re5 Bd7 75. Re7 Kd8 76. Rxg7 Bxf5 77. Rxh7
Rg4+ 78. Kh5 Rg1 79. Ra7 Bd7 80. Kh4 Ke7 81. Ra5 Be6 82. Rg5 Rh1+ 83. Kg3 Kf6
84. Ra5 Rb1 85. Kf4 Rb4+ 86. Ke3 Bf5 87. Ra6+ Kg5 88. Ra7 Re4+ 89. Kd2 Kf4 90.
Kc3 Be6 91. Rc7 Re1 92. Ra7 Ke5 93. Ra5+ Bd5 94. Kd2 Rh1 95. Ra7 Kd4 96. Rd7
Rh2+ 97. Ke1 Ke3 98. Kd1 Be4 99. Kc1 Rc2+ 100. Kd1 Rb2 101. Rc7 Rb1+ 102. Rc1
Rb6 103. Rc3+ Bd3 104. Rc7 Rb1+ 105. Rc1 Rb8 106. Rc7 Rh8 107. Re7+ Be4 108.
Kc1 Rb8 0-1

[Event "4NCL/Div4/GREN vs. SUFFP"]
[Site "West Bromwich ENG"]
[Date "2006.05.27"]
[Round "9.4"]
[White "Lunn, Timothy"]
[Black "Hardy, Roger"]
[Result "0-1"]
[WhiteElo "2070"]
[BlackElo "2020"]
[PlyCount "64"]
[EventDate "2006.05.27"]
[EventType "team"]
[EventRounds "11"]
[EventCountry "ENG"]
[SourceDate "2006.04.29"]
[WhiteTeam "Suffolk Punches"]
[BlackTeam "Grendels Mother"]

1. d4 d5 2. c4 e6 3. Nc3 Nf6 4. cxd5 exd5 5. Bg5 Be7 6. e3 c6 7. Bd3 O-O 8. Qc2
Nbd7 9. Nf3 Re8 10. O-O Nf8 11. h3 Ne4 12. Bf4 Nxc3 13. Qxc3 a5 14. a3 a4 15.
Rac1 Ng6 16. Bh2 Bd6 17. Bxd6 Qxd6 18. Qd2 Qf6 19. Be2 Qd6 20. Rc3 Bf5 21. Rfc1
Be4 22. Rc5 Bxf3 23. Bxf3 Nh4 24. Be2 Re6 25. Ra5 Rf8 26. Qb4 Qd8 27. Rxa4 Qg5
28. Bf1 Rxe3 29. Qxb7 Rxh3 30. Rc3 Rxc3 31. bxc3 Nf3+ 32. Kh1 Qh4# 0-1

[Event "4NCL/Div4/GREN vs. SUFFP"]
[Site "West Bromwich ENG"]
[Date "2006.05.27"]
[Round "9.5"]
[White "Hibbitt, Arthur M"]
[Black "Feavyour, John"]
[Result "0-1"]
[WhiteElo "1950"]
[BlackElo "2035"]
[PlyCount "124"]
[EventDate "2006.05.27"]
[EventType "team"]
[EventRounds "11"]
[EventCountry "ENG"]
[SourceDate "2006.04.29"]
[WhiteTeam "Grendels Mother"]
[BlackTeam "Suffolk Punches"]

1. d4 d5 2. Bf4 Nf6 3. Nf3 c6 4. e3 Bf5 5. c4 e6 6. Nc3 Be7 7. h3 O-O 8. Be2
Nbd7 9. O-O Ne4 10. cxd5 exd5 11. Nxe4 Bxe4 12. Bd3 Nf6 13. Bxe4 Nxe4 14. Nd2
f5 15. Nf3 Bf6 16. Ne5 Qe7 17. f3 Nd6 18. b4 Bxe5 19. dxe5 Nc4 20. Qd4 Qxb4 21.
Rab1 Qe7 22. e4 Nb6 23. exd5 Nxd5 24. Bd2 Rfd8 25. f4 c5 26. Qb2 b6 27. Rf3
Rac8 28. Be1 c4 29. a4 Qd7 30. Qc2 g6 31. Kh1 Qc6 32. Bc3 Nxc3 33. Rxc3 Rd4 34.
Rd1 Rcd8 35. Rxd4 Rxd4 36. Rf3 Qe4 37. Qc3 Rd3 38. Rxd3 Qxd3 39. Qb4 Qf1+ 40.
Kh2 Qxf4+ 41. Kh1 Qxe5 42. Qxc4+ Kg7 43. Qc6 Kh6 44. Qc1+ f4 45. Qd1 b5 46.
axb5 Qxb5 47. Qd8 Qe5 48. Qf8+ Kh5 49. Qf7 Qe1+ 50. Kh2 Qg3+ 51. Kh1 h6 52.
Qxa7 f3 53. Qc5+ g5 54. gxf3 Qxh3+ 55. Kg1 Qxf3 56. Qe5 Kh4 57. Qh2+ Qh3 58.
Qd2 Qg3+ 59. Kh1 Kh3 60. Qf2 Kh4 61. Qd4+ Qf4 62. Qd8 Kg3 0-1

[Event "4NCL/Div4/BCA vs. CONQ"]
[Site "West Bromwich ENG"]
[Date "2006.05.27"]
[Round "9.2"]
[White "Prizant, Michael"]
[Black "Ross, Chris"]
[Result "1-0"]
[WhiteElo "2135"]
[BlackElo "2165"]
[PlyCount "53"]
[EventDate "2006.05.27"]
[EventType "team"]
[EventRounds "11"]
[EventCountry "ENG"]
[SourceDate "2006.04.29"]
[WhiteTeam "Conquistadors"]
[BlackTeam "Braille C A"]

1. e4 c5 2. c3 Nf6 3. e5 Nd5 4. d4 cxd4 5. Nf3 e6 6. cxd4 d6 7. Nc3 Nxc3 8.
bxc3 Nc6 9. Bf4 Qc7 10. Bb5 Bd7 11. Bxc6 Bxc6 12. O-O Bxf3 13. Qxf3 d5 14. c4
Qxc4 15. Rac1 Qxa2 16. Rc7 Qa3 17. Qg4 g6 18. Bg5 Bg7 19. Rfc1 O-O 20. Be7 Qa4
21. Bxf8 Rxf8 22. Qf4 b5 23. h4 Qa5 24. Rb7 h5 25. Rcc7 Qe1+ 26. Kh2 Qe4 27.
Qxe4 1-0

[Event "4NCL/Div4/BCA vs. CONQ"]
[Site "West Bromwich ENG"]
[Date "2006.05.27"]
[Round "9.3"]
[White "Hilton, Steve"]
[Black "Foster, James C"]
[Result "1-0"]
[WhiteElo "2045"]
[BlackElo "1950"]
[PlyCount "75"]
[EventDate "2006.05.27"]
[EventType "team"]
[EventRounds "11"]
[EventCountry "ENG"]
[SourceDate "2006.04.29"]
[WhiteTeam "Braille C A"]
[BlackTeam "Conquistadors"]

1. d4 d5 2. c4 e6 3. Nc3 c5 4. Nf3 Nc6 5. cxd5 exd5 6. g3 Bg4 7. Bg2 Rc8 8. O-O
Qd7 9. Re1 f5 10. Be3 c4 11. Ne5 Nxe5 12. dxe5 Ne7 13. a3 Rd8 14. Qd4 Bh5 15.
Rad1 Bf7 16. Qxa7 Nc6 17. Qa4 Nxe5 18. Qxd7+ Nxd7 19. Nxd5 Bc5 20. Nc7+ Ke7 21.
Bg5+ Nf6 22. Nd5+ Bxd5 23. Rxd5 Rxd5 24. Bxd5 Kd6 25. Bxc4 Bxf2+ 26. Kxf2 Ne4+
27. Kg2 Nxg5 28. Rd1+ Kc5 29. b3 Kc6 30. h4 Ne4 31. Bd5+ Kb6 32. Bxe4 fxe4 33.
Kf2 Rc8 34. Rd4 Rc3 35. Rb4+ Ka6 36. a4 e3+ 37. Kf3 h5 38. Ke4 1-0

[Event "4NCL/Div4/BCA vs. CONQ"]
[Site "West Bromwich ENG"]
[Date "2006.05.27"]
[Round "9.4"]
[White "Cork, David J"]
[Black "Armstrong, William G"]
[Result "0-1"]
[WhiteElo "1955"]
[BlackElo "1985"]
[PlyCount "62"]
[EventDate "2006.05.27"]
[EventType "team"]
[EventRounds "11"]
[EventCountry "ENG"]
[SourceDate "2006.04.29"]
[WhiteTeam "Conquistadors"]
[BlackTeam "Braille C A"]

1. e4 c5 2. Nf3 Nc6 3. d4 cxd4 4. Nxd4 Nf6 5. Nc3 e5 6. Ndb5 d6 7. Bg5 a6 8.
Na3 b5 9. Nd5 Qa5+ 10. Bd2 Qd8 11. Bd3 Be6 12. Bg5 Be7 13. Nxe7 Qxe7 14. O-O h6
15. Bh4 g5 16. Bg3 Rd8 17. c4 bxc4 18. Nxc4 O-O 19. Ne3 Nb4 20. Bb1 d5 21. exd5
Nfxd5 22. Qh5 Qf6 23. Nc4 Nf4 24. Bxf4 Bxc4 25. Be3 Bxf1 26. Kxf1 Nd3 27. g3 e4
28. Bc2 Nxf2 29. Kg2 g4 30. Bxe4 Nxe4 31. Qxg4+ Qg6 0-1

[Event "4NCL/Div4/BCA vs. CONQ"]
[Site "West Bromwich ENG"]
[Date "2006.05.27"]
[Round "9.5"]
[White "Murphy, Richard L"]
[Black "Auckland, Elliot"]
[Result "1/2-1/2"]
[WhiteElo "1735"]
[BlackElo "1670"]
[PlyCount "97"]
[EventDate "2006.05.27"]
[EventType "team"]
[EventRounds "11"]
[EventCountry "ENG"]
[SourceDate "2006.04.29"]
[WhiteTeam "Braille C A"]
[BlackTeam "Conquistadors"]

1. e4 e5 2. Nf3 Nc6 3. Bc4 Bc5 4. b4 Bxb4 5. c3 Be7 6. d4 exd4 7. cxd4 d6 8.
Nc3 Nf6 9. Bb2 O-O 10. h3 a6 11. Rc1 Nd7 12. Nd5 Nf6 13. Nc3 Nxe4 14. Bxf7+
Rxf7 15. Nxe4 Bf5 16. Ng3 Bg6 17. O-O Nb4 18. Qb3 Nd3 19. Rc3 Nxb2 20. Qxb2 Rb8
21. Rfc1 Bf6 22. Qb3 c5 23. Ne2 Bh5 24. Re3 Bxf3 25. Rxf3 Qe7 26. Re3 Qf8 27.
dxc5 dxc5 28. Rd1 Re8 29. Re6 Rxe6 30. Qxe6 Qe7 31. Qc4 b5 32. Qc2 Bh4 33. Ng3
Bxg3 34. fxg3 c4 35. a4 Qc5+ 36. Kh2 b4 37. Qe4 Qc8 38. Qh4 Qc6 39. Qd8+ Rf8
40. Qe7 b3 41. Rd7 Qf6 42. Qc5 Qe6 43. Qc7 Qxd7 44. Qxd7 b2 45. Qe6+ Kh8 46.
Qb6 c3 47. Qb4 Rc8 48. Qb7 Rf8 49. Qe7 1/2-1/2

[Event "4NCL/Div4/BCA vs. CONQ"]
[Site "West Bromwich ENG"]
[Date "2006.05.27"]
[Round "9.6"]
[White "Sathiraju, Vijay"]
[Black "Thacker, Steve M"]
[Result "1/2-1/2"]
[WhiteElo "1604"]
[BlackElo "1785"]
[PlyCount "37"]
[EventDate "2006.05.27"]
[EventType "team"]
[EventRounds "11"]
[EventCountry "ENG"]
[SourceDate "2006.04.29"]
[WhiteTeam "Conquistadors"]
[BlackTeam "Braille C A"]

1. d4 Nf6 2. c4 e6 3. Nf3 Bb4+ 4. Bd2 Bxd2+ 5. Nbxd2 d6 6. g3 b6 7. Bg2 Bb7 8.
b4 Nbd7 9. O-O O-O 10. Qb3 Qe7 11. Rfe1 c5 12. e4 e5 13. bxc5 dxc5 14. d5 Ne8
15. Nh4 g6 16. Bh3 Nd6 17. a4 Rab8 18. Rab1 Nf6 19. Nhf3 1/2-1/2

[Event "4NCL/Div4/OXF3 vs. PONTY"]
[Site "West Bromwich ENG"]
[Date "2006.05.27"]
[Round "9.1"]
[White "Stembridge, Ed"]
[Black "White, Ian G"]
[Result "1-0"]
[WhiteElo "1960"]
[BlackElo "2029"]
[PlyCount "75"]
[EventDate "2006.05.27"]
[EventType "team"]
[EventRounds "11"]
[EventCountry "ENG"]
[SourceDate "2006.04.29"]
[WhiteTeam "Oxford 3"]
[BlackTeam "Pontypridd"]

1. e4 e6 2. d4 d5 3. exd5 exd5 4. c4 Nf6 5. Be3 Be7 6. Nc3 dxc4 7. Bxc4 Nbd7 8.
h3 Nb6 9. Bd3 c6 10. Nf3 Nbd5 11. O-O O-O 12. Rc1 h6 13. Ne5 Be6 14. Na4 Bd6
15. Nc5 Bc8 16. Re1 Re8 17. Bd2 Qc7 18. f4 b6 19. Ne4 Bb7 20. Nxf6+ Nxf6 21.
Bc4 Re7 22. Nxc6 Qxc6 23. Bxf7+ Rxf7 24. Rxc6 Bxc6 25. Re6 Rd8 26. Qc2 Bd5 27.
Re1 Rc7 28. Bc3 Rf7 29. g3 Re7 30. Rxe7 Bxe7 31. Qa4 Rd7 32. g4 Be6 33. g5 hxg5
34. fxg5 Nd5 35. g6 Nxc3 36. bxc3 Bxh3 37. Qc4+ Kh8 38. Qf7 1-0

[Event "4NCL/Div4/OXF3 vs. PONTY"]
[Site "West Bromwich ENG"]
[Date "2006.05.27"]
[Round "9.2"]
[White "Gilbert, Jonathan A"]
[Black "Morris, Graham"]
[Result "1-0"]
[WhiteElo "2055"]
[BlackElo "2025"]
[PlyCount "63"]
[EventDate "2006.05.27"]
[EventType "team"]
[EventRounds "11"]
[EventCountry "ENG"]
[SourceDate "2006.04.29"]
[WhiteTeam "Pontypridd"]
[BlackTeam "Oxford 3"]

1. d4 Nf6 2. c4 g6 3. Nc3 Bg7 4. e4 d6 5. f3 O-O 6. Be3 a6 7. Qd2 c6 8. Bd3 b5
9. Nge2 Nbd7 10. O-O Nb6 11. b3 Bb7 12. Rac1 Re8 13. Kh1 Rb8 14. h3 Ba8 15. f4
e5 16. dxe5 dxe5 17. f5 b4 18. Nd1 Nbd7 19. c5 Bf8 20. Nb2 Nxc5 21. fxg6 hxg6
22. Rxc5 Bxc5 23. Bxc5 Nxe4 24. Qc2 Nxc5 25. Qxc5 Qe7 26. Qe3 Kg7 27. Ng3 c5
28. Bc4 Rf8 29. Nd3 Rbe8 30. Nxc5 Qd6 31. Nce4 Qd4 32. Nh5+ 1-0

[Event "4NCL/Div4/OXF3 vs. PONTY"]
[Site "West Bromwich ENG"]
[Date "2006.05.27"]
[Round "9.3"]
[White "Terry, Sean"]
[Black "Taylor, Robert G"]
[Result "1/2-1/2"]
[WhiteElo "2000"]
[BlackElo "2002"]
[PlyCount "81"]
[EventDate "2006.05.27"]
[EventType "team"]
[EventRounds "11"]
[EventCountry "ENG"]
[SourceDate "2006.04.29"]
[WhiteTeam "Oxford 3"]
[BlackTeam "Pontypridd"]

1. Na3 Nf6 2. Nf3 g6 3. b3 Bg7 4. Bb2 O-O 5. e3 b6 6. Be2 Bb7 7. c4 c5 8. d3 d6
9. Qd2 Nbd7 10. Nc2 Qc7 11. O-O-O a6 12. h4 b5 13. h5 bxc4 14. dxc4 Ne4 15. Qe1
Ndf6 16. Nh4 d5 17. hxg6 hxg6 18. f3 Ng3 19. Rh3 Nxe2+ 20. Qxe2 Bc8 21. g4 dxc4
22. Qxc4 Be6 23. Qf4 Qxf4 24. exf4 Rad8 25. Rdh1 c4 26. f5 cxb3 27. Nd4 Rc8+
28. Kb1 bxa2+ 29. Ka1 Bc4 30. fxg6 Rb8 31. Nhf5 fxg6 32. Nxg7 Kxg7 33. Nc6 Rxb2
34. Kxb2 Re8 35. Ne5 Bg8 36. Rh6 Rb8+ 37. Kc2 Rb1 38. Rxg6+ Kf8 39. Rxg8+ Nxg8
40. Rxb1 axb1=Q+ 41. Kxb1 1/2-1/2